Weather Term Movies Quiz Stats

 Plays Quiz Updated Jan 20, 2019

Support Sporcle.
Go Orange.
Score 0/26 Timer 07:00
0 Plays Today
Starring Movie % Correct
Tom Cruise
Dustin Hoffman
Rain Man
87.4%
George Clooney
Mark Wahlberg
The Perfect Storm
61.1%
Abigail Breslin
Alan Arkin
Little Miss Sunshine
53.7%
PrincePurple Rain
50.1%
Jim Carrey
Kate Winslet
Eternal Sunshine of the Spotless Mind
48.6%
Clark Gable
Vivien Leigh
Gone with the Wind
47.7%
Gene Kelly
Debbie Reynolds
Singin' in the Rain
41.8%
Cuba Gooding Jr.
James Coburn
Snow Dogs
24.3%
Diane Lane
Sandra Oh
Under the Tuscan Sun
20.2%
Christopher Guest
Eugene Levy
Michael McKean
A Mighty Wind
18.5%
Ethan Hawke
Julie Delpy
Before Sunrise
14.4%
Adriana Caselotti
Lucille La Verne
Snow White and the Seven Dwarfs
13%
Christian Bale
John Malkovich
Empire of the Sun
12.6%
Starring Movie % Correct
Nicolas CageWindtalkers
12.5%
Sean Connery
Wesley Snipes
Rising Sun
11.9%
Morgan Freeman
Christian Slater
Hard Rain
10.7%
Michael Douglas
Andy Garcia
Black Rain
8.7%
Kevin Kline
Joan Allen
The Ice Storm
8.5%
Sidney PoitierA Raisin in the Sun
7.7%
Ice Cube
Tracy Morgan
First Sunday
4.5%
Ethan HawkeSnow Falling on Cedars
3.8%
Spencer Tracy
Gene Kelly
Inherit the Wind
3.4%
Kate Beckinsale
Sam Rockwell
Snow Angels
2.2%
Julia Ormond
Gabriel Byrne
Smilla's Sense of Snow
1.8%
Kirk Douglas
Tom Burlinson
The Man from Snowy River
1.4%
Guy PearceFirst Snow
1.2%

From the Vault

NBA 3-Point Leaders by Team (2010s)

by naqwerty3

Sports 15m
These guys are comfortable from way downtown.
Remove Ads.
Support Sporcle.
Get the best of Sporcle when you Go Orange. This ad-free experience offers more features, more stats, and more fun while also helping to support Sporcle. Thank you for becoming a member.

Show Comments

Extras

Top Quizzes Today


Score Distribution

Your Account Isn't Verified!

In order to create a playlist on Sporcle, you need to verify the email address you used during registration. Go to your Sporcle Settings to finish the process.

Report this User

Report this user for behavior that violates our Community Guidelines.

Details: